Bezdrôtová sieť snímačov

Na minha lista:
Detalhes bibliográficos
Autor principal: Nemeš, Martin (Author)
Outros Autores: Kalúz, Martin (Thesis advisor)
Formato: Manuscrito Livro
Idioma:eslovaco
Publicado em: 2020
Assuntos:
Acesso em linha:http://is.stuba.sk/zp/portal_zp.pl?podrobnosti=143194
Tags: Adicionar Tag
Sem tags, seja o primeiro a adicionar uma tag!

MARC

LEADER 00000ntm a22000003a 4500
001 stuzp79941
003 SK-STU
005 20200627211009.8
007 ta
008 150427s2015----xo-----f-mn---000-0-slo-d
040 |a STU  |b slo 
041 0 |a slo 
100 1 |a Nemeš, Martin  |u 047000  |4 aut  |U FCHPT Fakulta chemickej a potravinárskej technológie  |T FCHPT Ústav informatizácie, automatizácie a matematiky  |X 61261  |U C7000  |Y 105  |7 61261 
242 0 1 |a Wireless Sensor Network  |y eng 
245 1 0 |a Bezdrôtová sieť snímačov 
260 |c 2020 
650 4 |a ZigBee  |2 slo 
650 4 |a XBee  |2 slo 
650 4 |a snímanie  |2 slo 
650 4 |a sieť snímačov  |2 slo 
650 4 |a mikroovládač  |2 slo 
650 4 |a ZigBee  |2 eng 
650 4 |a sensing  |2 eng 
650 4 |a sensor network  |2 eng 
650 4 |a microcontroller  |2 eng 
650 4 |a XBee  |2 eng 
700 1 |a Kalúz, Martin  |u 047220  |k Z1  |4 ths  |U FCHPT Ústav informatizácie, automatizácie a matematiky  |T FCHPT Oddelenie informatizácie a riadenia procesov  |X 21598  |U C7220  |Y 121  |7 A000021598 
856 4 |u http://is.stuba.sk/zp/portal_zp.pl?podrobnosti=143194